| 000 | 00423nam a22001697a 4500 | ||
|---|---|---|---|
| 003 | SGT | ||
| 020 | _a9780865775794 | ||
| 082 |
_a617.84 _bO97R |
||
| 100 | _aROBINETTE, MARTIN S. | ||
| 245 | _aOTOACOUSTIC EMISSIONS CLINICAL APPLICATION | ||
| 250 | _a1ST | ||
| 260 |
_aNEW YORK _bTHIEME PUB _c1997 |
||
| 300 | _a356 | ||
| 650 | _aAUDIOLOGY | ||
| 653 | _aOTOACOUSTIC EMISSIONS CLINICAL APPLICATION | ||
| 942 |
_2ddc _cBK |
||
| 999 |
_c27083 _d27083 |
||